<?xml version="1.0" encoding="UTF-8"?>
<record
    xmlns:xsi="http://www.w3.org/2001/XMLSchema-instance"
    xsi:schemaLocation="http://www.loc.gov/MARC21/slim http://www.loc.gov/standards/marcxml/schema/MARC21slim.xsd"
    xmlns="http://www.loc.gov/MARC21/slim">

  <leader>00531nam a2200145   4500</leader>
  <datafield tag="082" ind1=" " ind2=" ">
    <subfield code="a">631.56</subfield>
    <subfield code="b">DAY/EF</subfield>
  </datafield>
  <datafield tag="100" ind1=" " ind2=" ">
    <subfield code="a">Dayana Scaria</subfield>
    <subfield code="9">10</subfield>
  </datafield>
  <datafield tag="245" ind1=" " ind2=" ">
    <subfield code="a">Effect of mulching and nutrient sources on the production of salad cucumber inside and outside naturally ventilated greenhouse</subfield>
  </datafield>
  <datafield tag="260" ind1=" " ind2=" ">
    <subfield code="a">Tavanur</subfield>
    <subfield code="b">Department of IDE</subfield>
    <subfield code="c">2007</subfield>
  </datafield>
  <datafield tag="700" ind1=" " ind2=" ">
    <subfield code="a">Manoj K Unni</subfield>
    <subfield code="9">11</subfield>
  </datafield>
  <datafield tag="700" ind1=" " ind2=" ">
    <subfield code="a">Soniya Baby</subfield>
    <subfield code="9">12</subfield>
  </datafield>
  <datafield tag="700" ind1=" " ind2=" ">
    <subfield code="a">Mathew E.K (Guide)</subfield>
    <subfield code="9">13</subfield>
  </datafield>
  <datafield tag="856" ind1=" " ind2=" ">
    <subfield code="u">https://drive.google.com/file/d/0B8K9-c_S7d7WeGNKamVRWGJEcm8/edit?usp=sharing</subfield>
  </datafield>
  <datafield tag="942" ind1=" " ind2=" ">
    <subfield code="c">PR</subfield>
  </datafield>
  <datafield tag="999" ind1=" " ind2=" ">
    <subfield code="c">341320</subfield>
    <subfield code="d">341320</subfield>
  </datafield>
  <datafield tag="952" ind1=" " ind2=" ">
    <subfield code="0">0</subfield>
    <subfield code="1">0</subfield>
    <subfield code="4">0</subfield>
    <subfield code="7">0</subfield>
    <subfield code="a">KAUAET</subfield>
    <subfield code="b">KAUAET</subfield>
    <subfield code="d">2014-02-15</subfield>
    <subfield code="l">0</subfield>
    <subfield code="o">631.56 DAY/EF</subfield>
    <subfield code="p">KAU_KCAEFT-P186</subfield>
    <subfield code="r">2014-02-15 00:00:00</subfield>
    <subfield code="w">2014-02-15</subfield>
    <subfield code="y">PR</subfield>
  </datafield>
</record>
